01641nam a2200349 a 450000100060000000300080000600500170001400800390003103500190007004000180008904100080010708200210011510000320013624500560016824600850022426000450030930000210035450001070037550000360048250000450051858000930056360000510065670000540070770000460076171000410080771000800084875200530092894200120098199900170099395201370101095201440114723547BD-RjUL20211209000937.0140311s1932 aca 000 0 eng a(BD-RjUL)23612 aDLCcDLCbeng aeng a822.33bSHH 1932 aShakeapeare, william97247000aHenry the Fourth, part 1.cwilliam ShakeapearenP-116aFirst part of Henry the Fourth with the life and death of Henry surnamed Hotspur c1932.aSydney :bShakespeare head press, a133 p. ;c14 cm. aShakespeare Memorial Theatre, Stratford-upon-Avon, Summer festival, June 27th to September 10th, 1932. aTitle devised by Library staff. aLC copy shelved under: Henry IV, part 1. aIn: American theater programs of the late 19th and 20th centuries (Library of Congress). aHenry IV, King of England, d1367-141392464601 aBridges-Adams, W.q(William),d1889-1965.92464611 aShakespeare, William,d1564-1616.92464622 aShakespeare Memorial Company.9724752 aTheater Playbills and Programs Collection (Library of Congress)5DLC957823 aUnited StatesbDistrict of ColumbiadWashington. 2ddccBK c23547d23547 00102ddc40728FICaRUCLbRUCLcReadingd1966-04-20eaustraliag0.00l0o822.33 SHH 1932r2014-03-11 00:00:00tC-1w2014-03-11yBK 00102ddc40708NFICaRUCLbRUCLcStackd1955-01-22eM.B.P. Dhakag2.00l0o822.33 SHH 1932 Pt.1r2020-03-15 00:00:00tC-1w2020-03-15yBK